[Event "SLO-ch U10"]
[Site "Ptuj"]
[Date "2017.02.27"]
[Round "2"]
[White "Kumin, Jure"]
[Black "Lugaric, Liam"]
[Result "1-0"]
[WhiteElo "1714"]
[BlackElo "1650"]
[PlyCount "63"]
[EventDate "2017.02.27"]
[EventType "swiss"]
[EventRounds "9"]
[EventCountry "SLO"]
[SourceTitle "CBM 177 Extra"]
[Source "ChessBase"]
[SourceDate "2017.04.27"]
[SourceVersion "1"]
[SourceVersionDate "2017.04.27"]
[SourceQuality "1"]

1. e4 e5 2. Nf3 Nc6 3. Bb5 Nge7 4. 0-0 a6 5. Ba4 d6 6. d3 Bg4 7. h3 Bh5 8. c3 b5 9. Bc2 Ng8 10. Re1 Nf6 11. Nbd2 Be7 12. Nf1 0-0 13. Ng3 Bxf3 14. Qxf3 h6 15. Nf5 Re8 16. Qg3 g6 17. Bxh6 Bf8 18. Bb3 Nh5 19. Qxg6+ Kh8 20. Qxf7 Be7 21. Qxh5 d5 22. Bg7+ Kg8 23. Qh8+ Kf7 24. Bxd5+ Qxd5 25. Qh5+ Ke6 26. exd5+ Kxd5 27. Ng3 Bd6 28. f4 Re7 29. Bxe5 Bxe5 30. fxe5 Rae8 31. e6+ Kd6 32. Nf5+ 1-0